| 000 | 00586nam a22002057a 4500 | ||
|---|---|---|---|
| 003 | BUBTL | ||
| 008 | 210222b xxu||||| |||| 00| 0 eng d | ||
| 020 | _a9848759289 | ||
| 082 | _a515.9/ R1293c/ 2020 | ||
| 100 |
_aRahman, Md. Fazlur Rahman _93944 |
||
| 245 |
_aComplex Analysis / _cMd. Fazlur Rahman Rahman |
||
| 250 | _a12th ed. | ||
| 260 |
_aDhaka : _bTitas Publications, _cc2020. |
||
| 300 |
_a613 p. : _c22 cm. |
||
| 526 | _aMathematics | ||
| 650 | 0 |
_aMathematics _93945 |
|
| 856 |
_k0 _l0 _yDownload |
||
| 942 |
_2ddc _cBK |
||
| 999 |
_c6459 _d6459 |
||